La vie en Amérique

Saved in:
Bibliographic Details
Main Author: P M Richard
Format: Book
Language:Undetermined
Published: Paris Classiques Hachette 1957
Subjects:
Tags: Add Tag
No Tags, Be the first to tag this record!
Institutions: Trung tâm Học liệu Trường Đại học Cần Thơ
LEADER 00461nam a2200169Ia 4500
001 CTU_225
008 210402s9999 xx 000 0 und d
082 |a 420 
082 |b R513 
100 |a P M Richard 
245 0 |a La vie en Amérique 
245 0 |c P M Richard, Wendy Hall 
260 |a Paris 
260 |b Classiques Hachette 
260 |c 1957 
650 |a english language - study and teaching 
980 |a Trung tâm Học liệu Trường Đại học Cần Thơ